00422nam a2200193Ia 4500008004100000020001800041050001600059100000900075245001400084245002400098245001200122260001500134260001600149260000900165300001600174300002000190300001000210500000800220170918s9999 xx 000 0 und d a9780439574686 bA957cr 2002 aAvi. aCrispin : bthe cross of lead / cby Avi. aNew York : bScholastic, c2002 a262 pages : billustrations ; c19cm. a780